Génesis de la dictadura militar y su proceso de consolidación: 1933-1950

Guardat en:
Dades bibliogràfiques
Autor principal: Valle Buitrago, Mª Esperanza
Format: Text
Publicat: s.n.t. :
Etiquetes: Afegir etiqueta
Sense etiquetes, Sigues el primer a etiquetar aquest registre!

MARC

LEADER 00000 a a2200000 04500
001 15890
003
040
090 |a 016000  
100 |a Valle Buitrago, Mª Esperanza  
245 |a Génesis de la dictadura militar y su proceso de consolidación: 1933-1950  
260 |a s.n.t. :  
300 |a 11 p.  
999 |c 8072  |d 8072